Central Library OPAC University of Rajshahi

Early English versions of the tales of Guiscardo and Ghismonda and Titus and Gisippus from the Decameron / (Record no. 23043)

MARC details
000 -LEADER
fixed length control field 01211cam a2200301u 4500
001 - CONTROL NUMBER
control field 23043
003 - CONTROL NUMBER IDENTIFIER
rucl marc code BD-RjUL
005 - DATE AND TIME OF LATEST TRANSACTION
control field 20211209000902.0
008 - FIXED-LENGTH DATA ELEMENTS--GENERAL INFORMATION
fixed length control field 140310s1937 enkh 000 0 eng
035 ## - SYSTEM CONTROL NUMBER
System control number (BD-RjUL)23108
040 ## - CATALOGING SOURCE
Original cataloging agency DLC
Transcribing agency CarP
Modifying agency DLC
-- BD-RjUL
Language of cataloging eng
041 ## - LANGUAGE CODE
Language code of text/sound track or separate title eng
082 04 - DEWEY DECIMAL CLASSIFICATION NUMBER
Classification number 829.1
Author mark and year EAR 1937
245 10 - TITLE STATEMENT
Title Early English versions of the tales of Guiscardo and Ghismonda and Titus and Gisippus from the Decameron /
Statement of responsibility, etc. Edited by Herbert G. Wright.
260 ## - PUBLICATION, DISTRIBUTION, ETC. (IMPRINT)
Place of publication, distribution, etc. London :
Name of publisher, distributor, etc. Pub. for the Early English text society by H. Milford, Oxford university press,
Date of publication, distribution, etc. 1937.
300 ## - PHYSICAL DESCRIPTION
Pagination cxv, 256 p. :
Illustrations front. (facsim). ;
Size 23 cm.
650 #7 - SUBJECT ADDED ENTRY--TOPICAL TERM
Topical term or geographic name as entry element English poetry.
9 (RLIN) 71067
700 12 - ADDED ENTRY--PERSONAL NAME
Personal name Banester, Gilbert,
Dates associated with a name -1487. [from old catalog]
Personal name Walter, William,
Dates associated with a name active 1520. [from old catalog]
Personal name Lewicke, Edward,
Dates associated with a name active 1562. [from old catalog]
Personal name Wright, Herbert G.
Fuller form of name (Herbert Gladstone),
Dates associated with a name 1888-
Relator term ed.
942 ## - ADDED ENTRY ELEMENTS (KOHA)
Source of classification or shelving scheme Dewey Decimal Classification
Koha item type Books
Holdings
Lost status Source of classification or shelving scheme Damaged status Not for loan Permanent Location Current Location Shelving location Date acquired Source of acquisition Cost, normal purchase price Total Checkouts Full call number Date last seen Copy number Koha item type
  Dewey Decimal Classification   Added to bundle Central Library, University of Rajshahi Central Library, University of Rajshahi Reading Room 06/11/1956 Blackwell. 1.00   829.1 EAR 1937 10/03/2014 C-1 Books